000 00443pab a2200157 454500
008 180718b1999 xxu||||| |||| 00| 0 eng d
100 _aKishtwaria, J.
245 _aFactors affecting time utilisation pattern of Gaddi tribal women in Himachal Pradesh
260 _c1999
300 _ap.99-111
362 _aMar
650 _aWomen - India - Himachal Pradesh
650 _aWomen
773 _aJournal of Rural Development
909 _a44028
999 _c44028
_d44028